Name the 2nd, 3rd, 4th, or 5th largest city in each state! - Statistics

General Stats
  • This quiz has been taken 43 times
    20 since last reset
  • The average score is 39 of 50
Answer Stats
State City % Correct
Pennsylvania Pittsburgh, Allentown, Erie, Reading
100%
Ohio Cleveland, Cincinnati, Toledo, Akron
93%
Georgia Columbus, Augusta, Macon, Savannah
93%
Delaware Dover, Newark, Middletown, Milford
93%
Tennessee Memphis, Knoxville, Chattanooga, Clarksville
93%
Florida Miami, Tampa, Orlando, St. Petersburg
93%
New Hampshire Nashua, Concord, Derry, Dover
93%
Kansas Overland Park, Kansas City, Olathe, Topeka
93%
California San Diego, San Jose, San Francisco, Fresno
93%
Missouri St. Louis, Springfield, Columbia, Independence
93%
Wyoming Casper, Gillette, Laramie, Rock Springs
87%
Alaska Fairbanks, Juneau, Knik-Fairview, Badger
87%
Nevada Henderson, Reno, North Las Vegas, Enterprise
87%
New Mexico Las Cruces, Rio Rancho, Santa Fe, Roswell
87%
Nebraska Lincoln, Bellevue, Grand Island, Kearney
87%
Wisconsin Madison, Green Bay, Kenosha, Racine
87%
Montana Missoula, Great Falls, Bozeman, Butte-Silver Bow
87%
North Carolina Raleigh, Greensboro, Durham, Winston-Salem
87%
Oregon Salem, Eugene, Gresham, Hillsboro
87%
Texas San Antonio, Dallas, Austin, Fort Worth
87%
Washington Spokane, Tacoma, Vancouver, Bellevue
87%
Minnesota St. Paul, Rochester, Bloomington, Duluth
87%
Massachusetts Worcester, Springfield, Cambridge, Lowell
87%
Louisiana Baton Rouge, Shreveport, Metairie, Lafayette
80%
New York Buffalo, Rochester, Yonkers, Syracuse
80%
Iowa Cedar Rapids, Davenport, Sioux City, Iowa City
80%
Virginia Chesapeake, Norfolk, Arlington, Richmond
80%
Michigan Grand Rapids, Warren City, Sterling Heights, Ann Arbor
80%
New Jersey Jersey City, Paterson, Elizabeth, Lakewood
80%
Idaho Meridian, Nampa, Idaho Falls, Pocatello
80%
Arizona Tucson, Mesa, Chandler, Gilbert
80%
Oklahoma Tulsa, Norman, Broken Arrow, Edmond
80%
Maryland Columbia, Germantown, Silver Spring, Waldorf
73%
South Carolina Columbia, North Charleston, Mount Pleasant, Rock Hill
73%
Hawaii East Honolulu, Pearl City, Waipahu, Hilo
73%
Indiana Fort Wayne, Evansville, South Bend, Carmel
73%
West Virginia Huntington, Parkersburg, Morgantown, Wheeling
73%
Kentucky Lexington-Fayette, Bowling Green, Owensboro, Covington
73%
Alabama Mobile, Tuscaloosa, Hoover, Auburn
73%
Connecticut Stamford, New Haven, Hartford, Waterbury
73%
Illinois Aurora, Joliet, Naperville, Rockford
67%
North Dakota Bismarck, Grand Forks, Minot, West Fargo
67%
Colorado Colorado Springs, Aurora, Fort Collins, Lakewood
67%
Utah West Valley City, West Jordan, Provo, Orem
67%
Arkansas Fayetteville, Fort Smith, Springdale, Jonesboro
60%
Mississippi Gulfport, Southhaven, Biloxi, Hattiesburg
60%
South Dakota Rapid City, Aberdeen, Brookings, Watertown
60%
Maine Lewiston, Bangor, South Portland, Auburn
53%
Rhode Island Warwick, Cranston, Pawtucket, East Providence
40%
Vermont Essex, South Burlington, Colchester, Rutland City
33%
No matching quizzes found
Score Distribution
Percent of People with Each Score
Percentile by Number Answered
Your Score History
You have not taken this quiz since the last reset